| 000 | 01551cam a22003255a 4500 | ||
|---|---|---|---|
| 001 | 14990456 | ||
| 005 | 20180508130119.0 | ||
| 008 | 070831t2004 gw a frb 000 0 eng d | ||
| 020 | _a3527310401 | ||
| 020 | _a9783527310401 | ||
| 040 |
_aABC _cABC _dOCLCQ _dBAKER _dNLGGC _dDLC _dEG-ScBUE _beng |
||
| 082 | 0 | 4 |
_a660.294513 _222 _bFUN |
| 111 | 2 |
_aPacific Polymer Conference _n(7th : _d2001 : _cOaxaca de Juarez, Mexico). _eMicrosymposium. |
|
| 245 | 1 | 0 |
_aFundamentals and applications of polymer gels : _bPPF-7 Microsymposium, Oaxaca City (Mexico), 2001 / _csymposium editor R. A. Siegel. |
| 246 | 3 | 0 | _aPPF-7 Microsymposium. |
| 260 |
_aWeinheim : _bWILEY-VCH Verlag, _cc.2004. |
||
| 300 |
_a268 p. : _bill. ; _c25 cm. |
||
| 490 |
_aMacromolecular symposia ; _v207 |
||
| 500 | _aFeatures a range of topics related to polymer gels presented at the Microsymposium in honor of the Late Professor Toyoichi Tanaka, held December 5-7, 2001 within the 7th Pacific Polymer Conference, Oaxaca, Mexico. | ||
| 504 | _aIncludes bibliographical references. | ||
| 650 | 7 |
_aPolymers _vCongresses. _2BUEsh _939656 |
|
| 650 | 7 |
_aPolymerization _vCongresses. _2BUEsh _96599 |
|
| 651 | _2BUEsh | ||
| 653 |
_bGGEN _cMay2018 |
||
| 700 | 1 |
_aSiegel, Ronald A., _eeditor. |
|
| 856 | 4 | 1 |
_3Unedited summary from book _uhttp://www.loc.gov/catdir/summary/eng0801/2007464845.html |
| 856 | 4 | 2 |
_3Publisher description _uhttp://www.loc.gov/catdir/enhancements/fy0743/2007464845-d.html |
| 856 | 4 | 1 |
_3Table of contents _uhttp://www.loc.gov/catdir/toc/fy0801/2007464845.html |
| 942 | _2ddc | ||
| 999 |
_c26667 _d26639 |
||